عبق العنبر في خطب المنبر، (رقم التسجيلة. 137654)

تفاصيل مارك
000 -الفاتح
عناصر البيانات ثابتة الطول 00656cam a2200181 i 4500
005 - تاريخ ووقت آخر معاملة
حقل ضبط 20251223101133.0
008 - عناصر البيانات ثابتة الطول
عناصر البيانات ثابتة الطول 250721s2018 jo gr 000 0 ara d
082 14 - رقم تصنيف ديوي العشري
رقم التصنيف 218.51
رقم المادة س م ا
100 1# - مدخل رئيسي – اسم شخصي
الاسم الشخصي السماك، طلال
علاقة الشخص بالعمل/ دوره مؤلف.
245 10 - بيان العنوان
العنوان عبق العنبر في خطب المنبر،
بقية العنوان ومعه، صفات خطبة الجمعة وصفات الخطيب /
بيان المسؤولية تأليف طلال السماك.
264 31 - بيانات النشر، التوزيع…إلخ
مكان النشر، التوزيع...إلخ عمان :
اسم الناشر، الموزع...إلخ المؤلف،
تاريخ النشر، التوزيع...إلخ 2018.
300 ## - الوصف المادي
عدد الوحدات المكونة للوعاء 354 صفحة.
650 17 - مدخل إضافي بالموضوع - مصطلح موضوعي
مصطلح موضوعي أو اسم جغرافي كعنصر مدخل الاسلام.
650 17 - مدخل إضافي بالموضوع - مصطلح موضوعي
مصطلح موضوعي أو اسم جغرافي كعنصر مدخل الوعظ والارشاد.
650 17 - مدخل إضافي بالموضوع - مصطلح موضوعي
مصطلح موضوعي أو اسم جغرافي كعنصر مدخل الخطب الدينية.
942 ## - بيانات إضافية (كوها)
نوع التنصيف Dewey Decimal Classification
نوع المادة (كوها) كتب
المقتنيات
حالة السحب حالة الفقدان مصدر التصنيف حالة التلف غير قابل للإعارة المكتبة الرئيسية المكتبة الحالية موقع الرف تاريخ التزويد الرقم المتسلسل Total Checkouts رقم الإستدعاء الباركود تاريخ آخر ظهور تاريخ الفاتورة نوع المادة (كوها)
    Dewey Decimal Classification     المكتبة المركزية المكتبة المركزية الإعارة 28/07/2025 1687138   218.51 / س م ا PLD00427163 28/07/2025 28/07/2025 كتب
    Dewey Decimal Classification     مكتبة الاميرة بديعة مكتبة الاميرة بديعة الإعارة 27/08/2018 1687140   218.51/سما PLD00428571 28/07/2025 27/08/2018 كتب
    Dewey Decimal Classification     مكتبة الحسن العامة مكتبة الحسن العامة الإعارة 27/08/2018 1687141   218.51/سما PLD00428572 28/07/2025 27/08/2018 كتب
    Dewey Decimal Classification     مكتبة صويلح العامة مكتبة صويلح العامة الإعارة 27/08/2018 1687142   218.51/سما PLD00428573 28/07/2025 27/08/2018 كتب
Implemented & Customized by: BBB with SCIT (Smart Chains for Information Technology)

Powered by Koha